[Event "Collado Villalba op 39th"]
[Site "Collado Villalba"]
[Date "2022.08.22"]
[Round "3"]
[White "Nieto Esteban, Manuel"]
[Black "Rodriguez Gomez, Jose Antonio"]
[Result "1-0"]
[WhiteElo "1713"]
[BlackElo "1521"]
[PlyCount "95"]
[EventDate "2022.08.20"]
[EventType "swiss"]
[EventRounds "9"]
[EventCountry "ESP"]
[SourceTitle "EXT 2023"]
[Source "ChessBase"]
[SourceDate "2022.10.05"]
[SourceVersion "1"]
[SourceVersionDate "2022.10.05"]
[SourceQuality "1"]

1. d4 d5 2. c4 c6 3. Nc3 Nf6 4. Nf3 e6 5. e3 Be7 6. Bd3 Nbd7 7. 0-0 0-0 8. Re1 h6 9. b3 Bd6 10. e4 dxe4 11. Nxe4 Nxe4 12. Bxe4 Nf6 13. Bc2 Re8 14. Bb2 Bf8 15. Qd3 g6 16. Ne5 Bg7 17. Rad1 Re7 18. f4 Qe8 19. Ba3 Rc7 20. Bd6 Rd7 21. Nxd7 Bxd7 22. Qf3 Qd8 23. Be5 Ne8 24. Bxg7 Kxg7 25. d5 cxd5 26. cxd5 Qf6 27. dxe6 Bc6 28. Be4 Qxe6 29. Bxc6 Qxc6 30. Qxc6 bxc6 31. Re7 Nf6 32. Rc7 Nd5 33. Rxc6 Nxf4 34. Rd7 a5 35. Rcc7 Rf8 36. Ra7 Ne6 37. Rxa5 Rc8 38. Rad5 Rc2 39. Rd2 Rc3 40. b4 Kf8 41. R7d3 Rc4 42. Rb3 Nd4 43. Rb1 Nb5 44. Rbb2 Re4 45. a4 Nc3 46. a5 Na4 47. Rb3 Re5 48. Ra2 1-0

[Event "Mostoles op 5th"]
[Site "Mostoles"]
[Date "2012.07.19"]
[Round "1"]
[White "Garcia Diaz, Victor Manuel"]
[Black "Nieto Esteban, Manuel"]
[Result "1-0"]
[WhiteElo "2162"]
[BlackElo "1802"]
[PlyCount "29"]
[EventDate "2012.07.19"]
[EventType "swiss"]
[EventRounds "9"]
[EventCountry "ESP"]
[SourceTitle "EXT 2013"]
[Source "ChessBase"]
[SourceDate "2012.11.22"]
[SourceVersion "1"]
[SourceVersionDate "2012.11.22"]
[SourceQuality "1"]

1. e4 e5 2. f4 Bc5 3. Nf3 d6 4. c3 Bg4 5. h3 Bxf3 6. Qxf3 Nc6 7. Bc4 Nf6 8. f5 Qd7 9. a4 a5 10. d3 Ne7 11. g4 h6 12. Nd2 d5 13. exd5 Nfxd5 14. Ne4 Qc6 15. Bb5 1-0

[Event "San Sebastian de los Reyes op 13th"]
[Site "San Sebastian"]
[Date "2011.12.04"]
[Round "3"]
[White "Nieto Esteban, Manuel"]
[Black "Lopez de Turiso, Jose Angel"]
[Result "1/2-1/2"]
[WhiteElo "1760"]
[BlackElo "2065"]
[PlyCount "92"]
[EventDate "2011.12.02"]
[EventType "swiss"]
[EventRounds "9"]
[EventCountry "ESP"]
[SourceTitle "CBM 145 Extra"]
[Source "ChessBase"]
[SourceDate "2012.01.03"]
[SourceVersion "1"]
[SourceVersionDate "2012.01.03"]
[SourceQuality "1"]

1. b3 e5 2. Bb2 d6 3. e3 f5 4. d4 e4 5. c4 c6 6. d5 c5 7. f3 exf3 8. Nxf3 Nf6 9. Bd3 g6 10. Nbd2 Bg7 11. 0-0 0-0 12. Qc2 Na6 13. a3 Rb8 14. e4 fxe4 15. Nxe4 Nxe4 16. Bxe4 Bf5 17. Bxf5 Rxf5 18. Bxg7 Kxg7 19. Qc3+ Qf6 20. Qxf6+ Kxf6 21. a4 Nc7 22. Rfe1 Re8 23. Rxe8 Nxe8 24. Re1 Nc7 25. h4 h6 26. Re3 g5 27. Re4 Rf4 28. hxg5+ hxg5 29. Re3 b6 30. g3 Rf5 31. Kg2 a6 32. Re4 b5 33. axb5 axb5 34. Nd2 bxc4 35. bxc4 Nxd5 36. cxd5 Rxd5 37. Nf3 Rf5 38. Rc4 Ke6 39. g4 Rd5 40. Re4+ Kf6 41. Kf2 Rd3 42. Ke2 Ra3 43. Rc4 Ra5 44. Re4 Ra2+ 45. Nd2 d5 46. Re8 Ra4 1/2-1/2

[Event "Madrid Villaverde op 16th"]
[Site "Madrid"]
[Date "2011.11.16"]
[Round "3"]
[White "Nieto Esteban, Manuel"]
[Black "Vidaurre, Luis"]
[Result "1-0"]
[WhiteElo "1760"]
[BlackElo "1871"]
[PlyCount "73"]
[EventDate "2011.11.14"]
[EventType "swiss"]
[EventRounds "8"]
[EventCountry "ESP"]
[SourceTitle "EXT 2013"]
[Source "ChessBase"]
[SourceDate "2012.11.22"]
[SourceVersion "1"]
[SourceVersionDate "2012.11.22"]
[SourceQuality "1"]

1. Nf3 d5 2. c4 dxc4 3. Na3 Nf6 4. Nxc4 e6 5. g3 Be7 6. Bg2 0-0 7. 0-0 Nbd7 8. d3 c5 9. Bd2 Nd5 10. Rc1 b6 11. e4 N5f6 12. Re1 Bb7 13. Qb3 Rc8 14. a4 Bc6 15. Be3 Ng4 16. Bf4 Ngf6 17. h3 a5 18. Qc2 Nb8 19. Bxb8 Rxb8 20. Rcd1 Qc7 21. d4 Qb7 22. Nfe5 Bxa4 23. Qxa4 b5 24. Qxa5 bxc4 25. dxc5 Qxb2 26. Nxc4 Qb5 27. Qxb5 Rxb5 28. c6 Rc5 29. e5 Rxc4 30. exf6 Bxf6 31. Rc1 Rb4 32. c7 Rc8 33. Re2 Kf8 34. Ra2 Ke7 35. Ra8 Kd7 36. Bc6+ Kxc7 37. Bg2+ 1-0

[Event "Madrid Villaverde op 16th"]
[Site "Madrid"]
[Date "2011.11.15"]
[Round "2"]
[White "Barajas Fernandez, Helios"]
[Black "Nieto Esteban, Manuel"]
[Result "1/2-1/2"]
[WhiteElo "2106"]
[BlackElo "1760"]
[PlyCount "92"]
[EventDate "2011.11.14"]
[EventType "swiss"]
[EventRounds "8"]
[EventCountry "ESP"]
[SourceTitle "EXT 2013"]
[Source "ChessBase"]
[SourceDate "2012.11.22"]
[SourceVersion "1"]
[SourceVersionDate "2012.11.22"]
[SourceQuality "1"]

1. e4 e5 2. Nf3 Nc6 3. Bb5 a6 4. Ba4 Nf6 5. 0-0 Nxe4 6. d4 b5 7. Bb3 d5 8. dxe5 Be6 9. Nbd2 Nxd2 10. Bxd2 Be7 11. c3 0-0 12. Bc2 Bg4 13. Bf4 Re8 14. Re1 Qd7 15. Qd3 g6 16. Qe3 Bf6 17. Bb3 Bg7 18. Rad1 Be6 19. h3 Na5 20. Nd2 Rec8 21. Ne4 Nxb3 22. axb3 Qe7 23. Bg5 Qf8 24. Nf6+ Bxf6 25. exf6 c5 26. Bh6 Qd6 27. Bg7 Re8 28. Qh6 Bd7 29. h4 Rxe1+ 30. Rxe1 Re8 31. Rxe8+ Bxe8 32. Qe3 Bc6 33. h5 d4 34. cxd4 Qxd4 35. hxg6 Qd1+ 36. Kh2 Qh5+ 37. Kg1 Qd1+ 38. Kh2 Qh5+ 39. Kg3 Qxg6+ 40. Kh4 Qxg2 41. Qxc5 Qe4+ 42. Kg5 Qg6+ 43. Kf4 Qe4+ 44. Kg5 Qg6+ 45. Kh4 Qe4+ 46. Kg5 Qg6+ 1/2-1/2

[Event "San Sebastian de los Reyes op 12th"]
[Site "San Sebastian"]
[Date "2010.12.01"]
[Round "2"]
[White "Nieto Esteban, Manuel"]
[Black "Benito Mellado, Humberto"]
[Result "1-0"]
[WhiteElo "1823"]
[BlackElo "1626"]
[PlyCount "61"]
[EventDate "2010.11.30"]
[EventType "swiss"]
[EventRounds "9"]
[EventCountry "ESP"]
[SourceTitle "CBM 139 Extra"]
[Source "ChessBase"]
[SourceDate "2011.01.05"]
[SourceVersion "1"]
[SourceVersionDate "2011.01.05"]
[SourceQuality "1"]

1. c4 Nf6 2. Nf3 c5 3. Nc3 Nc6 4. d4 cxd4 5. Nxd4 g6 6. g3 Bg7 7. Bg2 Qb6 8. Nb3 Ne5 9. c5 Qb4 10. Bd2 Qc4 11. Rc1 Qa6 12. 0-0 0-0 13. Bg5 e6 14. Bxf6 Bxf6 15. Ne4 Be7 16. a3 f5 17. Nd6 Bxd6 18. cxd6 Nf7 19. Nc5 Qxd6 20. Qc2 Qb6 21. Nd3 d5 22. Qc7 Qxc7 23. Rxc7 b6 24. Rfc1 Re8 25. Nf4 a5 26. Nxd5 exd5 27. Bxd5 Be6 28. Bxa8 Rxa8 29. R7c6 Bd5 30. Rxb6 Rc8 31. Rxc8+ 1-0

[Event "Madrid Oliver Gonzalez Memorial 1st"]
[Site "Madrid"]
[Date "2010.10.17"]
[Round "9"]
[White "Suarez Triguero, Jose Alfonso"]
[Black "Nieto Esteban, Manuel"]
[Result "1-0"]
[WhiteElo "2099"]
[BlackElo "1823"]
[PlyCount "115"]
[EventDate "2010.10.09"]
[EventType "swiss"]
[EventRounds "9"]
[EventCountry "ESP"]
[SourceTitle "CBM 138 Extra"]
[Source "ChessBase"]
[SourceDate "2010.10.29"]
[SourceVersion "1"]
[SourceVersionDate "2010.10.29"]
[SourceQuality "1"]

1. e4 e5 2. Bc4 Nf6 3. d4 exd4 4. Nf3 Bc5 5. 0-0 0-0 6. Nxd4 Nxe4 7. Nc3 Nxc3 8. bxc3 d5 9. Bd3 Nc6 10. Be3 Nxd4 11. cxd4 Bd6 12. Qh5 g6 13. Qh6 Re8 14. Bg5 Be7 15. f4 Bxg5 16. fxg5 Qe7 17. Qh4 Be6 18. Rae1 Qf8 19. Qf4 Qd6 20. Qf2 b6 21. h4 c5 22. c3 Qe7 23. Qf4 Rad8 24. h5 Kg7 25. Qe5+ Kg8 26. hxg6 hxg6 27. Rf6 Qd6 28. Bxg6 Qxe5 29. Rxe5 fxg6 30. Rxg6+ Kf7 31. Rf6+ Kg7 32. Rfxe6 Rxe6 33. Rxe6 Kf7 34. Rc6 cxd4 35. cxd4 Rd7 36. Kh2 Kg7 37. Kg3 Rf7 38. Kg4 Rf2 39. Rc7+ Kg6 40. Rc6+ Kg7 41. Kh5 Rxg2 42. Rc7+ Kg8 43. Rxa7 Rd2 44. Kg6 Kf8 45. Kf6 Rf2+ 46. Ke6 Rg2 47. Kxd5 Rxg5+ 48. Ke6 Rg6+ 49. Kf5 Rd6 50. Ke5 Rh6 51. d5 Ke8 52. a4 Kd8 53. d6 Rh5+ 54. Ke6 Rh6+ 55. Kd5 Rh5+ 56. Kc6 Ra5 57. Rxa5 bxa5 58. d7 1-0

[Event "Madrid Oliver Gonzalez Memorial 1st"]
[Site "Madrid"]
[Date "2010.10.15"]
[Round "7"]
[White "Nieto Esteban, Manuel"]
[Black "Lara Granero, Bio"]
[Result "0-1"]
[WhiteElo "1823"]
[BlackElo "2036"]
[PlyCount "64"]
[EventDate "2010.10.09"]
[EventType "swiss"]
[EventRounds "9"]
[EventCountry "ESP"]
[SourceTitle "CBM 138 Extra"]
[Source "ChessBase"]
[SourceDate "2010.10.29"]
[SourceVersion "1"]
[SourceVersionDate "2010.10.29"]
[SourceQuality "1"]

1. e4 c5 2. Nf3 Nc6 3. d4 cxd4 4. Nxd4 e5 5. Nb3 a6 6. Be2 Nf6 7. Nc3 b5 8. Bg5 Be7 9. Bxf6 Bxf6 10. Nd5 Bg5 11. 0-0 0-0 12. a4 bxa4 13. Rxa4 d6 14. Qa1 f5 15. f3 Ne7 16. Bc4 Kh8 17. Nxe7 Qxe7 18. Bd5 Rb8 19. Na5 Qc7 20. Nc4 Bd7 21. Ra5 Bb5 22. b3 fxe4 23. Bxe4 d5 24. Bxd5 Qc5+ 25. Kh1 Qxd5 26. Rd1 Qe6 27. Qxe5 Bxc4 28. Qxg5 Qe2 29. Qd2 Rbd8 30. Qxd8 Rxd8 31. Rxd8+ Bg8 32. h3 Qe1+ 0-1

[Event "Parla op 25th"]
[Site "Parla"]
[Date "2010.09.12"]
[Round "9"]
[White "Garcia Ines Sanchez, Gustavo"]
[Black "Nieto Esteban, Manuel"]
[Result "0-1"]
[WhiteElo "1678"]
[BlackElo "1823"]
[PlyCount "72"]
[EventDate "2010.09.04"]
[EventType "swiss"]
[EventRounds "9"]
[EventCountry "ESP"]
[SourceTitle "CBM 138 Extra"]
[Source "ChessBase"]
[SourceDate "2010.10.29"]
[SourceVersion "1"]
[SourceVersionDate "2010.10.29"]
[SourceQuality "1"]

1. e4 e5 2. Nf3 Nc6 3. Bb5 a6 4. Ba4 Nf6 5. 0-0 Nxe4 6. d4 b5 7. Bb3 d5 8. Re1 Be7 9. dxe5 Be6 10. Bf4 Na5 11. Nbd2 Nxb3 12. axb3 Nxd2 13. Qxd2 c5 14. Ng5 0-0 15. Nxe6 fxe6 16. Bg3 Bg5 17. f4 Be7 18. Qe2 Qb6 19. Qe3 Qc6 20. Rad1 c4 21. Bf2 a5 22. g3 a4 23. Qb6 Qxb6 24. Bxb6 axb3 25. cxb3 Ra2 26. Bd4 h5 27. h4 g6 28. Kg2 Bb4 29. Re2 Rc8 30. Rc1 Bc5 31. Rd2 Bxd4 32. Rxd4 Rxb2+ 33. Kh3 Ra8 34. bxc4 Raa2 35. Rh1 bxc4 36. g4 Ra3+ 0-1

[Event "Madrid Villaverde op 12th"]
[Site "Madrid"]
[Date "2010.04.27"]
[Round "6"]
[White "Nieto Esteban, Manuel"]
[Black "Alvarez Gonzalez, Eduardo"]
[Result "1/2-1/2"]
[WhiteElo "1817"]
[BlackElo "1884"]
[PlyCount "72"]
[EventDate "2010.04.19"]
[EventType "swiss"]
[EventRounds "8"]
[EventCountry "ESP"]
[SourceTitle "CBM 136 Extra"]
[Source "ChessBase"]
[SourceDate "2010.07.02"]
[SourceVersion "2"]
[SourceVersionDate "2010.07.15"]
[SourceQuality "1"]

1. d4 Nf6 2. c4 e6 3. Nf3 b6 4. g3 Bb7 5. Bg2 Be7 6. Nc3 Ne4 7. Qc2 Nxc3 8. Qxc3 d6 9. 0-0 Nd7 10. b3 0-0 11. Bb2 Bf6 12. Qc2 Rb8 13. Nd2 Bxg2 14. Kxg2 g6 15. e4 e5 16. d5 Qe7 17. Rae1 Rfe8 18. Bc1 a5 19. Nb1 Bg5 20. Nc3 Bxc1 21. Qxc1 Rf8 22. h4 f5 23. f4 fxe4 24. Nxe4 Qg7 25. Ng5 Nc5 26. fxe5 Rxf1 27. Rxf1 Qxe5 28. Qf4 Qxf4 29. Rxf4 h6 30. Nf3 Kg7 31. Nd4 Re8 32. Rf3 Re7 33. Kf1 Re4 34. Nb5 Re7 35. Kf2 Ne4+ 36. Kg2 Nc5 1/2-1/2

[Event "Madrid Villaverde op 12th"]
[Site "Madrid"]
[Date "2010.04.22"]
[Round "4"]
[White "Nieto Esteban, Manuel"]
[Black "Cortijo Manso, Luis"]
[Result "1-0"]
[WhiteElo "1817"]
[BlackElo "1614"]
[PlyCount "153"]
[EventDate "2010.04.19"]
[EventType "swiss"]
[EventRounds "8"]
[EventCountry "ESP"]
[SourceTitle "CBM 136 Extra"]
[Source "ChessBase"]
[SourceDate "2010.07.02"]
[SourceVersion "2"]
[SourceVersionDate "2010.07.15"]
[SourceQuality "1"]

1. d4 Nf6 2. c4 c5 3. d5 b5 4. cxb5 a6 5. e3 Bb7 6. Nc3 d6 7. e4 g6 8. Bc4 Bg7 9. Nge2 0-0 10. 0-0 Nbd7 11. bxa6 Bxa6 12. Bxa6 Rxa6 13. Qd3 Ra8 14. Qh3 Ne5 15. Bh6 Nc4 16. Bxg7 Kxg7 17. f3 Nxb2 18. Nf4 Nc4 19. a4 Ne3 20. Rfb1 Qd7 21. Qxd7 Nxd7 22. Rb7 Rfd8 23. Rab1 Rab8 24. Kf2 Nc4 25. Rxb8 Rxb8 26. Rxb8 Nxb8 27. Ke2 Kf6 28. Kd3 Na5 29. Kc2 Ke5 30. Nfe2 Na6 31. Nb5 Nb4+ 32. Kc3 Na6 33. Na3 f5 34. Kd3 fxe4+ 35. fxe4 Nb4+ 36. Ke3 e6 37. dxe6 Kxe6 38. Nc3 Ke5 39. Ncb1 Nac6 40. Nd2 Na5 41. Ndc4+ Nxc4+ 42. Nxc4+ Ke6 43. Nb6 Nc6 44. Kd3 Ke5 45. Nc4+ Ke6 46. a5 Nb4+ 47. Kc3 Na6 48. Kb3 d5 49. exd5+ Kxd5 50. Kc3 h6 51. Ne3+ Ke4 52. Ng4 h5 53. Nf6+ Ke5 54. Nd7+ Kd5 55. Nf8 Kc6 56. Nxg6 Kb5 57. Nf4 h4 58. h3 Nb4 59. Ng6 Nd5+ 60. Kd2 c4 61. Nxh4 Kb4 62. a6 Kb3 63. a7 Nb6 64. Kc1 c3 65. Nf3 Ka4 66. Kc2 Ka5 67. Kxc3 Ka6 68. Kd4 Kxa7 69. g4 Nd7 70. g5 Kb7 71. Kd5 Nf8 72. Kd6 Ng6 73. h4 Nf4 74. Ke5 Ng6+ 75. Kf6 Nf4 76. g6 Nd5+ 77. Kf7 1-0

[Event "Madrid Villaverde op 12th"]
[Site "Madrid"]
[Date "2010.04.21"]
[Round "3"]
[White "Martinez Miura, Enrique"]
[Black "Nieto Esteban, Manuel"]
[Result "0-1"]
[WhiteElo "1724"]
[BlackElo "1817"]
[PlyCount "54"]
[EventDate "2010.04.19"]
[EventType "swiss"]
[EventRounds "8"]
[EventCountry "ESP"]
[SourceTitle "CBM 136 Extra"]
[Source "ChessBase"]
[SourceDate "2010.07.02"]
[SourceVersion "2"]
[SourceVersionDate "2010.07.15"]
[SourceQuality "1"]

1. e4 e5 2. Nf3 Nf6 3. Nxe5 d6 4. Nf3 Nxe4 5. d4 d5 6. Bd3 Nc6 7. c3 Be7 8. 0-0 0-0 9. Re1 f5 10. Ne5 Bd6 11. Bxe4 fxe4 12. f4 exf3 13. Nxf3 Bg4 14. Nbd2 Kh8 15. b4 Ne7 16. a4 Ng6 17. Qc2 Qf6 18. Rf1 Nf4 19. Bb2 Qh6 20. Ne5 Bf5 21. Qb3 Nd3 22. Ndf3 Bxe5 23. Nxe5 Qe3+ 24. Kh1 Nf2+ 25. Rxf2 Qxf2 26. Ba3 Bc2 27. Qxd5 Qf1+ 0-1

[Event "San Sebastian Constitucion op 11th"]
[Site "San Sebastian"]
[Date "2009.12.07"]
[Round "8"]
[White "Serrano Nunez, Dario"]
[Black "Nieto Esteban, Manuel"]
[Result "0-1"]
[WhiteElo "1977"]
[BlackElo "1801"]
[PlyCount "116"]
[EventDate "2009.11.30"]
[EventType "swiss"]
[EventRounds "9"]
[EventCountry "ESP"]
[SourceTitle "CBM 133 Extra"]
[Source "ChessBase"]
[SourceDate "2010.01.05"]
[SourceVersion "1"]
[SourceVersionDate "2010.01.05"]
[SourceQuality "1"]

1. e4 e5 2. Nf3 Nf6 3. Nxe5 d6 4. Nf3 Nxe4 5. d4 d5 6. Bd3 Nc6 7. h3 Be7 8. 0-0 0-0 9. c4 Nb4 10. Nc3 Nxd3 11. Qxd3 Nxc3 12. bxc3 dxc4 13. Qxc4 Be6 14. Qd3 Qd5 15. Be3 Bxh3 16. c4 Bf5 17. Qb3 Qe4 18. Rfe1 Qc6 19. d5 Qa6 20. Bxa7 Bd6 21. Bd4 b6 22. Ne5 f6 23. Nc6 Rfe8 24. Re3 Rxe3 25. Bxe3 Qa3 26. Qb5 Qa4 27. Re1 Qxb5 28. cxb5 Rxa2 29. Bf4 Bxf4 30. Ne7+ Kf8 31. Nxf5 Rd2 32. g3 Bd6 33. Nxd6 cxd6 34. Rc1 Rxd5 35. Rc6 Rxb5 36. Rxd6 Ke7 37. Rd3 Ke6 38. Kg2 Rd5 39. Rb3 b5 40. Kf3 Re5 41. Rc3 b4 42. Rc6+ Kd5 43. Rc7 Rg5 44. Ke3 h5 45. Kd3 Rg4 46. Rd7+ Kc5 47. Kc2 g5 48. Rf7 Rc4+ 49. Kb2 h4 50. gxh4 gxh4 51. Rxf6 Rd4 52. Rh6 Kc4 53. Rh8 Kd3 54. Re8 Rf4 55. Re3+ Kd4 56. Re2 h3 57. Rd2+ Ke5 58. Rd8 Rh4 0-1

[Event "San Sebastian Constitucion op 11th"]
[Site "San Sebastian"]
[Date "2009.12.02"]
[Round "3"]
[White "Munoz Munoz, Pablo"]
[Black "Nieto Esteban, Manuel"]
[Result "1-0"]
[WhiteElo "2027"]
[BlackElo "1801"]
[PlyCount "123"]
[EventDate "2009.11.30"]
[EventType "swiss"]
[EventRounds "9"]
[EventCountry "ESP"]
[SourceTitle "CBM 133 Extra"]
[Source "ChessBase"]
[SourceDate "2010.01.05"]
[SourceVersion "1"]
[SourceVersionDate "2010.01.05"]
[SourceQuality "1"]

1. e4 c5 2. Nf3 Nc6 3. d4 cxd4 4. Nxd4 Nf6 5. Nc3 g6 6. Be3 Bg7 7. Be2 d6 8. 0-0 0-0 9. f4 Qb6 10. Qd2 Nxe4 11. Nxe4 Bxd4 12. Bxd4 Qxd4+ 13. Qxd4 Nxd4 14. Bd3 Bd7 15. c3 Bb5 16. Bxb5 Nxb5 17. f5 d5 18. a4 Nc7 19. Nc5 b6 20. Nd7 Rfd8 21. Ne5 Rf8 22. Nc6 e6 23. fxe6 Nxe6 24. Rad1 Kg7 25. Rxd5 Nd8 26. Ne5 f5 27. Rfd1 Kg8 28. Rd7 Re8 29. R1d5 Ne6 30. Nd3 Red8 31. Kf2 Rxd7 32. Rxd7 Rd8 33. Rxd8+ Nxd8 34. Ke3 Kf7 35. Kd4 Ke6 36. Kc4 Kd6 37. Kb5 Kc7 38. Nb4 Ne6 39. Nd5+ Kb7 40. Nf6 Nf8 41. c4 a6+ 42. Kb4 Kc6 43. Kc3 h6 44. b4 a5 45. bxa5 bxa5 46. Nd5 Kc5 47. Nf4 h5 48. h4 Kd6 49. Kd4 Kc6 50. g3 Kd6 51. c5+ Kc6 52. Kc4 Nd7 53. Nxg6 Nxc5 54. Ne7+ Kb6 55. Nxf5 Ne4 56. Kd4 Nc5 57. Ng7 Nxa4 58. Nxh5 Kb5 59. Nf4 Kb4 60. Nd3+ Kb3 61. h5 Nb6 62. h6 1-0

[Event "Madrid-ch Previa-B"]
[Site "Madrid"]
[Date "2009.11.27"]
[Round "8"]
[White "Nieto Esteban, Manuel"]
[Black "Montes Rubio, Miguel"]
[Result "1-0"]
[WhiteElo "1801"]
[BlackElo "1717"]
[PlyCount "85"]
[EventDate "2009.11.05"]
[EventType "swiss"]
[EventRounds "9"]
[EventCountry "ESP"]
[SourceTitle "CBM 133 Extra"]
[Source "ChessBase"]
[SourceDate "2010.01.05"]
[SourceVersion "1"]
[SourceVersionDate "2010.01.05"]
[SourceQuality "1"]

1. d4 d5 2. c4 Nf6 3. cxd5 Qxd5 4. Nc3 Qd8 5. Nf3 Bf5 6. Bf4 e6 7. Qa4+ Nbd7 8. Nb5 Nd5 9. Bg3 Bb4+ 10. Nd2 0-0 11. Rc1 c6 12. Nc3 N7b6 13. Qb3 Nxc3 14. bxc3 Bd6 15. e4 Bg6 16. Be2 Bxg3 17. hxg3 Qg5 18. Qd1 c5 19. Bh5 cxd4 20. Bxg6 Qxg6 21. cxd4 Rfd8 22. Nb3 Qxe4+ 23. Kf1 e5 24. Rh4 Qd5 25. Rc5 Qe6 26. Qh5 h6 27. Rxe5 Qc4+ 28. Kg1 Rd5 29. Rf4 Rxe5 30. dxe5 Qc7 31. Nd4 Re8 32. e6 Rf8 33. Rg4 Qc1+ 34. Kh2 fxe6 35. Nxe6 Rf7 36. f4 Qc3 37. Qxh6 Nd7 38. Qg6 Nf8 39. Nxf8 Kxf8 40. Qd6+ Ke8 41. Rg5 Qc7 42. Re5+ Qe7 43. Qb8+ 1-0

[Event "Madrid-ch Previa-B"]
[Site "Madrid"]
[Date "2009.11.20"]
[Round "6"]
[White "Ruiz Quevedo, Andres"]
[Black "Nieto Esteban, Manuel"]
[Result "1-0"]
[WhiteElo "1928"]
[BlackElo "1801"]
[PlyCount "55"]
[EventDate "2009.11.05"]
[EventType "swiss"]
[EventRounds "9"]
[EventCountry "ESP"]
[SourceTitle "CBM 133 Extra"]
[Source "ChessBase"]
[SourceDate "2010.01.05"]
[SourceVersion "1"]
[SourceVersionDate "2010.01.05"]
[SourceQuality "1"]

1. Nf3 d5 2. g3 Nf6 3. Bg2 c5 4. c4 Nc6 5. 0-0 e6 6. cxd5 exd5 7. d4 Be7 8. Nc3 0-0 9. Bg5 Ne4 10. Bxe7 Qxe7 11. Nxd5 Qd6 12. dxc5 Nxc5 13. Nf4 Qf6 14. Qc2 Ne6 15. Nd5 Qh6 16. Rfd1 Ned8 17. Nd4 Bh3 18. Nf5 Bxf5 19. Qxf5 Ne6 20. e3 Rfd8 21. Rac1 Rac8 22. Qb1 Ng5 23. Rxc6 bxc6 24. Ne7+ Kf8 25. Nxc8 Rxc8 26. Qf5 Ne6 27. Rd7 Rc7 28. Qxf7# 1-0

[Event "Madrid-ch Previa-B"]
[Site "Madrid"]
[Date "2009.11.14"]
[Round "5"]
[White "Nieto Esteban, Manuel"]
[Black "Navas Jimenez, Julian"]
[Result "0-1"]
[WhiteElo "1801"]
[BlackElo "1949"]
[PlyCount "114"]
[EventDate "2009.11.05"]
[EventType "swiss"]
[EventRounds "9"]
[EventCountry "ESP"]
[SourceTitle "CBM 133 Extra"]
[Source "ChessBase"]
[SourceDate "2010.01.05"]
[SourceVersion "1"]
[SourceVersionDate "2010.01.05"]
[SourceQuality "1"]

1. d4 Nf6 2. c4 e6 3. Nc3 Bb4 4. Qc2 0-0 5. Nf3 c5 6. e3 b6 7. g3 Bb7 8. Bg2 d5 9. cxd5 cxd4 10. exd4 Nxd5 11. 0-0 Nd7 12. Bd2 Rc8 13. a3 Be7 14. Rfe1 Qc7 15. Qb3 Rfd8 16. Rac1 Qb8 17. Ne5 Nxc3 18. bxc3 Bxg2 19. Kxg2 Nxe5 20. Rxe5 Bf6 21. Re2 Qb7+ 22. f3 Qa6 23. Rce1 g6 24. f4 Qc4 25. Qb4 Qd5+ 26. Kf2 Rc4 27. Qb1 Qc6 28. Qb3 Rc8 29. Rb1 h5 30. Qb5 Qxb5 31. Rxb5 Ra4 32. Rb3 Bg7 33. h4 Bf8 34. Bc1 Bd6 35. Kf3 Kg7 36. Re3 Kf6 37. Ke4 Rcc4 38. Kf3 Ra5 39. Re2 Rca4 40. Ra2 Kf5 41. Bb2 f6 42. Bc1 Be7 43. Ra1 Bf8 44. Rab1 Rd5 45. Ra1 Bd6 46. Be3 e5 47. dxe5 fxe5 48. fxe5 Bxe5 49. Ra2 Rg4 50. Rg2 Rd3 51. Kf2 Rxc3 52. Rxc3 Bxc3 53. Bf4 Be5 54. Bd2 Ke6 55. Bb4 Bd4+ 56. Ke2 Bc5 57. Rg1 Bxg1 0-1

[Event "Galapagar op 10th"]
[Site "Galapagar"]
[Date "2009.07.23"]
[Round "6"]
[White "Cerrato Torrijos, Maria"]
[Black "Nieto Esteban, Manuel"]
[Result "1-0"]
[WhiteElo "1992"]
[BlackElo "1809"]
[PlyCount "89"]
[EventDate "2009.07.18"]
[EventType "swiss"]
[EventRounds "9"]
[EventCountry "ESP"]
[SourceTitle "EXT 2010"]
[Source "ChessBase"]
[SourceDate "2010.11.25"]
[SourceVersion "1"]
[SourceVersionDate "2010.11.25"]
[SourceQuality "1"]

1. e4 e5 2. Bc4 Nf6 3. d3 Bc5 4. Nf3 Nc6 5. c3 d5 6. exd5 Nxd5 7. Qb3 Be6 8. Qxb7 Nde7 9. Bxe6 fxe6 10. Qb5 Qd5 11. Qc4 0-0 12. Qxd5 exd5 13. 0-0 Ng6 14. b4 Bb6 15. a4 a5 16. b5 Nd8 17. Ba3 Rf5 18. c4 dxc4 19. dxc4 Ne6 20. Nc3 Rf4 21. Nd2 Rd4 22. Nce4 Rad8 23. Ra2 Ngf4 24. Rc2 Nd3 25. c5 Ndxc5 26. Nxc5 Nxc5 27. Bxc5 Rxd2 28. Rc4 Kf7 29. f4 e4 30. Bxb6 cxb6 31. Rxe4 R2d4 32. Rfe1 R8d6 33. Kf2 Rd2+ 34. Kf3 R2d3+ 35. R1e3 Rd2 36. Rc4 R2d5 37. Rc7+ Rd7 38. Rc6 R7d6 39. Rec3 Ke6 40. Rxd6+ Rxd6 41. Ke4 g6 42. g4 Rd2 43. Rc6+ Rd6 44. f5+ gxf5+ 45. gxf5+ 1-0

[Event "San Sebastian Constitucion op 10th"]
[Site "San Sebastian"]
[Date "2008.12.06"]
[Round "7"]
[White "Alonso Garuti, Luis Eugenio"]
[Black "Nieto Esteban, Manuel"]
[Result "1/2-1/2"]
[WhiteElo "1986"]
[BlackElo "1811"]
[PlyCount "59"]
[EventDate "2008.11.30"]
[EventType "swiss"]
[EventRounds "9"]
[EventCountry "ESP"]
[SourceTitle "CBM 127 Extra"]
[Source "ChessBase"]
[SourceDate "2009.01.08"]
[SourceVersion "2"]
[SourceVersionDate "2009.01.28"]
[SourceQuality "1"]

1. e4 d5 2. exd5 Qxd5 3. d4 Nf6 4. Nf3 Bg4 5. Be2 e6 6. 0-0 Bd6 7. c4 Qf5 8. h3 Bxf3 9. Bxf3 c6 10. Qb3 b6 11. d5 exd5 12. Re1+ Kd8 13. cxd5 c5 14. Nc3 Re8 15. Bd2 Na6 16. Nb5 Qd7 17. Qc4 Be5 18. Bc3 Bxc3 19. Nxc3 Nb4 20. d6 Rb8 21. Nb5 Nc6 22. Bxc6 Qxc6 23. Qxf7 Rb7 24. Nc7 Rxe1+ 25. Rxe1 Qxd6 26. Ne6+ Kc8 27. Qf8+ Qxf8 28. Nxf8 Rf7 29. Ne6 Re7 30. Kf1 1/2-1/2

[Event "San Sebastian Constitucion op 10th"]
[Site "San Sebastian"]
[Date "2008.12.01"]
[Round "2"]
[White "Gueler Berdasco, Martin"]
[Black "Nieto Esteban, Manuel"]
[Result "1/2-1/2"]
[WhiteElo "1891"]
[BlackElo "1811"]
[PlyCount "62"]
[EventDate "2008.11.30"]
[EventType "swiss"]
[EventRounds "9"]
[EventCountry "ESP"]
[SourceTitle "CBM 127 Extra"]
[Source "ChessBase"]
[SourceDate "2009.01.08"]
[SourceVersion "2"]
[SourceVersionDate "2009.01.28"]
[SourceQuality "1"]

1. d4 d5 2. Nf3 Nf6 3. Bg5 Ne4 4. Bf4 e6 5. Nbd2 Nxd2 6. Qxd2 Bd6 7. 0-0-0 Bxf4 8. Qxf4 Nd7 9. g4 c6 10. g5 h6 11. gxh6 Rxh6 12. Rg1 Kf8 13. e3 Qf6 14. Qd6+ Kg8 15. Rg3 Rg6 16. Bd3 Rxg3 17. Qxg3 c5 18. c3 b6 19. Ne5 Nxe5 20. dxe5 Qh6 21. c4 Bb7 22. cxd5 Bxd5 23. Kb1 g6 24. e4 Bc6 25. Bc2 Qf8 26. Qg5 Kh7 27. Rd6 Rc8 28. h4 Rc7 29. Qf6 Qh8 30. Qg5 Qf8 31. Qf6 Qh8 1/2-1/2